000 00359nam a22001457a 4500
008 250320b |||||||| |||| 00| 0 eng d
020 _a0028009916
050 _aPF3120
_b.C53
100 _aCLARK, R . Lyn
245 _aBusiness English and Communication
250 _a8ed
260 _aCalifornia
_bGlencoe/McGraw-Hill
_c1998
300 _a524p.
942 _cBK
999 _c2539
_d2539